000 01799nam a2200361 a 4500
001 ebr10271059
003 CaPaEBR
006 m u
007 cr cn|||||||||
008 070808s2007 mau sb 001 0 eng d
010 _z 2007031418
020 _z9789004162587 (hardback : alk. paper)
020 _z9789047421757
040 _aCaPaEBR
_cCaPaEBR
035 _a(OCoLC)646789895
050 1 4 _aJZ5588
_b.D38 2007eb
082 0 4 _a327.1/7409041
_222
100 1 _aDavies, Thomas Richard.
245 1 4 _aThe possibilities of transnational activism
_h[electronic resource] :
_bthe campaign for disarmament between the two world wars /
_cby Thomas Richard Davies.
260 _aBoston :
_bMartinus Nijhoff Publishers,
_c2007.
300 _axii, 282 p.
490 1 _aHistory of international relations, diplomacy, and intelligence,
_x1874-0294 ;
_vv. 2
504 _aIncludes bibliographical references and index.
505 0 _apt. 1. Purpose and method -- pt. 2. Background to the disarmament campaign -- pt. 3. Evolution of the disarmament campaign -- pt. 4. The World Disarmament Conference -- pt. 5. Assessment : the possibilities of transnational activism.
533 _aElectronic reproduction.
_bPalo Alto, Calif. :
_cebrary,
_d2013.
_nAvailable via World Wide Web.
_nAccess may be limited to ebrary affiliated libraries.
650 0 _aDisarmament
_xHistory
_y20th century.
650 0 _aNon-governmental organizations
_xHistory
_y20th century.
650 0 _aInternational organization.
655 7 _aElectronic books.
_2local
710 2 _aebrary, Inc.
830 0 _aHistory of international relations, diplomacy, and intelligence ;
_vv. 2.
856 4 0 _uhttp://site.ebrary.com/lib/rucke/Doc?id=10271059
_zAn electronic book accessible through the World Wide Web; click to view
999 _c7185
_d7185